000 00579nam a2200157Ia 4500
003 GCL
008 140319s9999 xx 000 0 ara d
040 _aGCL /
_cGCL
082 0 4 _a301.1543329
_bش م
100 1 _aشوميلييه جاندرو كورفوازييه
245 1 0 _aمدخل الى علم الاجتماع السياسى /
_cشوميلييه جاندرو كورفوازييه
700 1 _aاسماعيل الغزال
260 _a[S.N] :
_bالمؤسسة الجامعية للدراسات والنشر والتوزيع ،
_c1988
300 _a192 ص
490 _a
999 _c46077
_d46077